Kraje z największą ilością nagród nobla na osobę - Statystyki

Ogólne statystyki
  • Ten quiz został rozwiązany 139 razy
  • Średni wynik to 17 z 30
Statystyki odpowiedzi
1 nagroda na ... ludzi Kraj % Poprawnych
1 998 421 Polska
98%
841 538 Stany Zjednoczone
97%
761 651 Niemcy
87%
944 507 Francja
85%
497 388 Wielka Brytania
84%
144 084 Szwecja
79%
1 392 222 Kanada
78%
409 846 Norwegia
75%
844 761 Holandia
71%
1 103 600 Finlandia
69%
1 041 818 Belgia
67%
316 481 Szwajcaria
67%
446 615 Dania
66%
402 681 Austria
64%
1 811 428 Australia
61%
1 775 000 Czechy
61%
356 991 Islandia
59%
751 769 Węgry
57%
445 818 Irlandia
55%
931 333 Litwa
49%
1 920 000 Łotwa
49%
306 947 Luksemburg
49%
1 639 000 Nowa Zelandia
46%
2 038 000 Chorwacja
45%
754 416 Izrael
43%
1 650 500 Bośnia i Hercegowina
24%
875 899 Cypr
24%
91 395 Saint Lucia
11%
646 500 Timor Wschodni
5%
1 395 000 Trynidad i Tobago
5%
Nie znaleziono quizów pasujących do podanych kryteriów
Rozkład punktacji
Procent ludzi z każdym wynikiem
Percentyl według liczby udzielonych odpowiedzi
Twoja historia wyników
Nie rozwiązałeś tego quizu